POPULARNE KOLORY FARB DO WŁOSÓW - Statystyki

Ogólne statystyki
  • Ten quiz został rozwiązany 114 razy
  • Średni wynik to 5 z 6
Statystyki odpowiedzi
Odpowiedź % Poprawnych
CZARNY
98%
BRĄZOWY
92%
BLOND
90%
RUDY
80%
NIEBIESKI
69%
ZIELONY
58%
Nie znaleziono quizów pasujących do podanych kryteriów
Rozkład punktacji
Procent ludzi z każdym wynikiem
Percentyl według liczby udzielonych odpowiedzi
Twoja historia wyników
Nie rozwiązałeś tego quizu